000 00366 a2200157 4500
001 171202
020 _a
040 _cMagnum
100 _aBigode, Antonio Jose Lopes
240 1 0 _aMatematica hoje e feita assim - 8 serie
_lpor
245 1 0 _aMatematica hoje e feita assim - 8 serie
362 0 _a1899
440 1 _aFTD
697 _aPARADIDATICO
942 _cBK
999 _c171202
_d171202